LEADER 01996nam 2200565 a 450 001 9910478933403321 005 20170814172832.0 010 $a1-322-28334-6 010 $a0-7619-2823-5 010 $a1-4522-2210-X 035 $a(CKB)2550000000105471 035 $a(EBL)996392 035 $a(OCoLC)809771851 035 $a(SSID)ssj0000675533 035 $a(PQKBManifestationID)12235680 035 $a(PQKBTitleCode)TC0000675533 035 $a(PQKBWorkID)10669120 035 $a(PQKB)11609352 035 $a(MiAaPQ)EBC996392 035 $a(OCoLC)1007861197 035 $a(StDuBDS)EDZ0000072188 035 $a(EXLCZ)992550000000105471 100 $a20120412d2005 fy| 0 101 0 $aeng 135 $aur|n|---||||| 181 $ctxt 182 $cc 183 $acr 200 10$aDictionary of multicultural psychology$b[electronic resource] $eissues, terms, and concepts /$fLena E. Hall 210 $aThousand Oaks, Calif, ;$aLondon $cSAGE$dc2005 215 $a1 online resource (193 p.) 300 $aDescription based upon print version of record. 311 $a1-4522-0443-8 311 $a0-7619-2822-7 320 $aIncludes bibliographical references. 327 $aCover; Contents; Preface; Acknowledgments; A; B; C; D; E; F; G; H; I; J; K; L; M; N; O; P; Q; R; S; T; U; V; W; X; Y; Z; About the Author 330 8 $aLena E. Hall provides concise definitions of 200 key terms & concepts related to multicultural psychology & frequently encountered in research literature. 606 $aEthnopsychology$vDictionaries 606 $aMulticulturalism$xPsychological aspects$vDictionaries 608 $aElectronic books. 615 0$aEthnopsychology 615 0$aMulticulturalism$xPsychological aspects 676 $a155.82 700 $aHall$b Lena E$01057047 801 0$bStDuBDS 801 1$bStDuBDS 906 $aBOOK 912 $a9910478933403321 996 $aDictionary of multicultural psychology$92491880 997 $aUNINA